| 000 | 00944nam a22002657a 4500 | ||
|---|---|---|---|
| 999 |
_c11351 _d11351 |
||
| 003 | AR-CdUCM | ||
| 008 | 190403b ||||| |||| 00| 0 spa d | ||
| 040 |
_aMUNICIPALIDAD PROVINCIAL DEL CUSCO _cBIBLIOTECA MUNICIPAL DEL CUSCO |
||
| 041 | _hpo | ||
| 082 |
_aES / 808.8 / _bL82 _25ed. |
||
| 100 |
_aLobato, Monteiro _927161 |
||
| 245 |
_aLa LLave del tamaño : _bHistoria de la mayor travesura del mundo, en la cual emilia, sin querer, modifico temporalmente el tamaño de las criaturas humanas / |
||
| 260 |
_aBuenos Aires : _bLosada, _c1956. |
||
| 300 |
_a188 paginas ; _bIlustraciones, graficos, dibujos, _c20 cm. |
||
| 440 |
_aMonteiro Lobato _n20 _928675 |
||
| 500 | _aCuento Historias | ||
| 650 |
_aCuentos _9217 |
||
| 650 |
_aHistoria _9136 |
||
| 650 |
_aLiteratura _983 |
||
| 650 |
_aInfantiles y adolescentes _928676 |
||
| 700 |
_aPrieto, Ramon _928677 |
||
| 700 |
_aTravi, Arturo _928678 |
||
| 942 |
_2ddc _cLIBROS |
||
| 945 | _apjha | ||